| 000 | 00802nam a2200229Ia 4500 | ||
|---|---|---|---|
| 008 | 130821s2005 ag gr spa | ||
| 020 | _a9875503843 | ||
| 040 |
_aCo-BoUCM _bspa |
||
| 041 | 0 | 0 | _aspa |
| 100 | 1 |
_aMarx, Karl _d1818-1883 _934075 |
|
| 245 | 1 | 0 |
_aManifiesto del Partido Comunista _cCarlos Marx, Federico Engels ; estudio introductorio, Néstor Kohan |
| 260 |
_aBuenos Aires (Argentina) _bLongseller _c2005 |
||
| 300 | _a204 páginas | ||
| 490 |
_aClásicos de siempre. _ppensamiento político |
||
| 650 | 0 | 4 |
_aCiencia política _9340 |
| 650 | 0 | 4 |
_aComunismo _911425 |
| 650 | 0 | 4 |
_aPartidos políticos _97900 |
| 700 | 1 |
_aEngels, Friederich _d1820-1895 _941859 |
|
| 700 | 1 |
_aKohan, Néstor _941860 |
|
| 942 |
_cLIBRO _a6 _e1 _mM392m _2DEWEY _h320.532 |
||
| 999 |
_c67013 _d67013 |
||